Niños indisciplinados

Kaydedildi:
Detaylı Bibliyografya
Yazar: Karman, Elemer von (Yazar)
Materyal Türü: Kitap
Dil:İspanyolca
Baskı/Yayın Bilgisi: Buenos Aires Imán 1950
Edisyon:3a. ed
Konular:
Etiketler: Etiketle
Etiket eklenmemiş, İlk siz ekleyin!

MARC

LEADER 00000nam a2200000 a 4500
001 UCU0365
003 CL-VaPUC
008 960322e19500000AG |||||||||||||||||spa|d
082 0 4 |a 155.4  |b VON  |2 21 
100 |a Karman, Elemer von  |e author  |9 312142 
245 1 0 |a Niños indisciplinados 
250 |a 3a. ed 
300 |a 151 p 
942 |c BK 
945 |d 19960322 00:00:00  |a cmena 
260 |a Buenos Aires  |b Imán  |c 1950 
650 0 |a Psicología del niño  |9 307305 
650 7 |a DISCIPLINA  |2 CL-VaPUC  |9 308401 
650 0 |a Disciplina escolar  |9 271077 
650 0 |a Trastornos del comportamiento  |9 311363 
583 |a last modification  |c 19960322 00:00:00  |k Rodrigo Vera 
999 |c 245225  |d 245223 
952 |0 0  |1 0  |4 0  |6 155_400000000000000_VON_1950  |7 0  |8 P  |9 259678  |a BIBEDU  |b BIBEDU  |c BIBEDU_PB  |d 2019-11-19  |i 1633007  |o 155.4 VON 1950  |p 1633007  |r 2024-01-25  |w 2019-11-19  |y BK  |k EDU